000 00272nam a2200097Ia 4500
001 1112614
005 20250827003934.0
008 250824s9999 xx 000 0 und d
245 0 _aGÜL SOKAĞI'NIN DİKENLERİ
_cZEYNEP CEMALİ
260 _bGÜNIŞIĞI KİTAPLIĞI YAYINLARI
999 _c1112614
_d1112614